| 000 | 00503nam a22001697a 4500 | ||
|---|---|---|---|
| 003 | SGT | ||
| 020 | _a9789350717424 | ||
| 082 | _a658.153, SIN | ||
| 100 | _aDR. SINGHANIA K. VINOD | ||
| 245 | _aCORPORATE TAX PLANNING & BUSINESS TAX PROCEDURES WITH CASE STUDIES | ||
| 250 | _a19TH | ||
| 260 |
_aNEW DELHI _bTAXMANN _c2015 |
||
| 300 | _a451 | ||
| 650 | _aTEX INSURANCE | ||
| 653 | _aINCOME - TAX LAW IN BRIEF, CORPORATE TAX PLANNING, BUSINESS TAX PROCEDURE AND MANAGEMENT, | ||
| 942 |
_2ddc _cFCM _03 |
||
| 999 |
_c9183 _d9183 |
||